000 00707cam a2200229 a 4500
999 _c6603
_d6603
001 20993
003 BD-DhUAP
005 20210104143618.0
008 210104s2019 bg b f000 0 eng
020 _a9847002000789
040 _aBD-DhUAP
_cBD-DhUAP
_dBD-DhUAP
_bEng
082 _a658.0017 SYE
_223
100 _aSyed, Mahmood.
245 _aProfessional ethics for engineers and business graduates /
_cMahmood Syed.
250 _a2nd ed.
260 _aDhaka :
_bFriends' book corner,
_cc2019.
300 _a112 pages ;
_c21 cm.
504 _aIncludes bibliographical references.
650 _aBusiness ethics
_xStudy and teaching.
650 _aEngineers ethics
_xStudy and teaching.
942 _2ddc
_cBK